000 00268nam a22001097a 4500
082 _a510
100 _aभाटी,अंकति
_982271
245 _aSSC GD Mathes ( Bilingual )
260 _aUP
_bRojgar Publcation
_c2023
650 _aMathes
_981908
942 _cBK
999 _c66719
_d66719